| 000 | 00777nam a2200241Ia 4500 | ||
|---|---|---|---|
| 003 | OSt | ||
| 005 | 20220918172649.0 | ||
| 006 | a|||||r|||| 00| 0 | ||
| 007 | ta | ||
| 008 | 220917b |||||||| |||| 00| 0 eng d | ||
| 024 | _a2,041 | ||
| 037 | _cTextual | ||
| 040 |
_aARTS _cARTS _beng |
||
| 041 |
_2eng _aeng |
||
| 082 | _aND44,9(Q4), J6 | ||
| 110 |
_aIndia, Information and Broadcasting Ministry of) Publications Division (N Delhi) _942618 |
||
| 245 | 0 | _aBuddhist sculptures and monuments | |
| 260 |
_aNew Delhi _bMinistry of Information and Broadcasting _c1956 |
||
| 650 | _aARTS | ||
| 700 |
_aIndia, Information and Broadcasting Ministry of) Publications Division (N Delhi) _942619 |
||
| 942 |
_hND44,9(Q4), J6 _cTEXL _2CC |
||
| 999 |
_c145027 _d145027 |
||